Soccer (Football) Italian Cup Finals - Coppa Italia - Statistics

General Stats
  • This quiz has been taken 315 times
  • The average score is 17 of 26
Answer Stats
Answer % Correct
Juventus
100%
Inter
99%
Milan
98%
Lazio
97%
Napoli
97%
Roma
97%
Fiorentina
92%
Atalanta
88%
Sampdoria
87%
Torino
86%
Genoa
85%
Parma
81%
Bologna
80%
Palermo
77%
Cagliari
68%
Udinese
65%
Verona
59%
Venezia
54%
Vicenza
50%
Vado
29%
Padova
23%
SPAL
21%
Ancona
13%
Alessandria
12%
Novara
9%
Catanzaro
7%
No matching quizzes found
Score Distribution
Percent of People with Each Score
Percentile by Number Answered
Your Score History
You have not taken this quiz